<?xml version="1.0" encoding="UTF-8"?><?xml-stylesheet type="text/xsl" href="static/style.xsl"?><OAI-PMH xmlns="http://www.openarchives.org/OAI/2.0/" xmlns:xsi="http://www.w3.org/2001/XMLSchema-instance" xsi:schemaLocation="http://www.openarchives.org/OAI/2.0/ http://www.openarchives.org/OAI/2.0/OAI-PMH.xsd"><responseDate>2026-06-01T01:23:15Z</responseDate><request verb="GetRecord" identifier="oai:riuma.uma.es:10630/33257" metadataPrefix="marc">https://riuma.uma.es/rest/oai/request</request><GetRecord><record><header><identifier>oai:riuma.uma.es:10630/33257</identifier><datestamp>2026-02-03T11:24:16Z</datestamp><setSpec>com_10630_2254</setSpec><setSpec>col_10630_37953</setSpec></header><metadata><record xmlns="http://www.loc.gov/MARC21/slim" xmlns:dcterms="http://purl.org/dc/terms/" xmlns:doc="http://www.lyncode.com/xoai" xmlns:xsi="http://www.w3.org/2001/XMLSchema-instance" xsi:schemaLocation="http://www.loc.gov/MARC21/slim http://www.loc.gov/standards/marcxml/schema/MARC21slim.xsd">
   <leader>00925njm 22002777a 4500</leader>
   <datafield ind2=" " ind1=" " tag="042">
      <subfield code="a">dc</subfield>
   </datafield>
   <datafield ind2=" " ind1=" " tag="720">
      <subfield code="a">Pires Mesquita, Geison</subfield>
      <subfield code="e">author</subfield>
   </datafield>
   <datafield ind2=" " ind1=" " tag="720">
      <subfield code="a">Rodríguez-Teijeiro, José Domingo</subfield>
      <subfield code="e">author</subfield>
   </datafield>
   <datafield ind2=" " ind1=" " tag="720">
      <subfield code="a">Wich, Serge A.</subfield>
      <subfield code="e">author</subfield>
   </datafield>
   <datafield ind2=" " ind1=" " tag="720">
      <subfield code="a">Mulero-Pázmány, Margarita Cristina</subfield>
      <subfield code="e">author</subfield>
   </datafield>
   <datafield ind2=" " ind1=" " tag="260">
      <subfield code="c">2020</subfield>
   </datafield>
   <datafield ind2=" " ind1=" " tag="520">
      <subfield code="a">There is a growing body of research indicating that drones can disturb animals. However, it is usually unclear whether the disturbance is due to visual or auditory cues. Here, we examined the effect of drone flights on the behavior of great dusky swifts Cypseloides senex and white-collared swifts Streptoprocne zonaris in 2 breeding sites where drone noise was obscured by environmental noise from waterfalls and any disturbance must be largely visual. We performed 12 experimental flights with a multirotor drone at different vertical, horizontal, and diagonal distances from the colonies. From all flights, 17% caused &lt;1% of birds to temporarily abandon the breeding site, 50% caused half to abandon, and 33% caused more than half to abandon. We found that the diagonal distance explained 98.9% of the variability of the disturbance percentage and while at distances >50 m the disturbance percentage does not exceed 20%, at &lt;40 m the disturbance percentage increase to > 60%. We recommend that flights with a multirotor drone during the breeding period should be conducted at a distance of >50 m and that recreational flights should be discouraged or conducted at larger distances (e.g. 100 m) in nesting birds areas such as waterfalls, canyons, and caves.</subfield>
   </datafield>
   <datafield ind1="8" ind2=" " tag="024">
      <subfield code="a">Mesquita, G.; Rodríguez Teijeiro, D.; Wich, S.; Mulero-Pázmány, M. (2020) Measuring disturbance at swift breeding colonies due to the visual aspects of a drone: a quasi-experiment study. Current Zoology, 16 (2): 157-163. https://doi.org/10.1093/cz/zoaa038 .</subfield>
   </datafield>
   <datafield ind1="8" ind2=" " tag="024">
      <subfield code="a">https://hdl.handle.net/10630/33257</subfield>
   </datafield>
   <datafield ind1="8" ind2=" " tag="024">
      <subfield code="a">10.1093/cz/zoaa038</subfield>
   </datafield>
   <datafield tag="653" ind2=" " ind1=" ">
      <subfield code="a">Aviones sin piloto</subfield>
   </datafield>
   <datafield ind2="0" ind1="0" tag="245">
      <subfield code="a">Measuring disturbance at swift breeding colonies due to the visual aspects of a drone: a quasi-experiment study</subfield>
   </datafield>
</record>
</metadata></record></GetRecord></OAI-PMH>